| 000 | 00598pab a2200193 454500 | ||
|---|---|---|---|
| 008 | 180718b2011 xxu||||| |||| 00| 0 eng d | ||
| 100 | _aBurman, K.K. | ||
| 245 | _aThe present status of micro, small and medium enterprises (MSMEs) in Assam - an economic analysis | ||
| 260 | _c2011 | ||
| 300 | _ap.47-63. | ||
| 362 | _aJan-Mar | ||
| 650 | _aSmall enterprises - India - Assam | ||
| 650 | _a Assam - Industries, Small scale | ||
| 650 | _aSmall scale industry | ||
| 700 | _aDas, Bisvajit | ||
| 773 | _aIASSI Quarterly - Contribution to Indian Social Science | ||
| 908 | _aN | ||
| 909 | _a94458 | ||
| 999 |
_c94458 _d94458 |
||